Quiz - Stefan Batory - Statystyki

Ogólne statystyki
  • Ten quiz został rozwiązany 235 razy
  • Średni wynik to 7 z 10
Statystyki odpowiedzi
Zagadnienie Odpowiedź % Poprawnych
W którym roku zmarł Stefan Batory? 1586
89%
Jak zakończył się konflikt z Moskwą? Konflikt zakończył się zwycięstwem Rzeczpospolitej.
84%
Kogo synem był Stefan Batory? Był synem wojewody siedmiogrodzkiego Stefana Batorego i Katarzyny Telegdi.
80%
W jaki sposób Stefan Batory został królem Polski? Został wybrany na króla Polski przez sejm elekcyjny.
76%
Jakie języki znał Stefan Batory? węgierski, łacinę, włoski i niemiecki.
69%
Który herb należał do Stefana Batorego?
60%
Które zdania są prawdziwe? A & B
58%
Gdzie urodził się król Stefan Batory? Șimleu Silvaniei
58%
Z czego zasłynął Stefan Batory? B & C
47%
Kto nie był konkurentem Batorego do tronu polskiego? Franciszek II Walezjusz
36%
Nie znaleziono quizów pasujących do podanych kryteriów
Rozkład punktacji
Procent ludzi z każdym wynikiem
Percentyl według liczby udzielonych odpowiedzi
Twoja historia wyników
Nie rozwiązałeś tego quizu